|
|
|
|
| LEADER |
00000cam a22000004a 4500 |
| 001 |
musev2_86358 |
| 003 |
MdBmJHUP |
| 005 |
20230905052846.0 |
| 006 |
m o d |
| 007 |
cr||||||||nn|n |
| 008 |
120223s2012 msu o 00 0 eng d |
| 020 |
|
|
|a 9781617032783
|
| 020 |
|
|
|z 9781934110683
|
| 020 |
|
|
|z 193411068X
|
| 040 |
|
|
|a MdBmJHUP
|c MdBmJHUP
|
| 100 |
1 |
|
|a Fraiser, Jim,
|d 1954-
|e author.
|
| 245 |
1 |
4 |
|a The Garden District of New Orleans /
|c Jim Fraiser ; photography by West Freeman.
|
| 264 |
|
1 |
|a Jackson :
|b University Press of Mississippi,
|c 2012.
|
| 264 |
|
3 |
|a Baltimore, Md. :
|b Project MUSE,
|c 0000
|
| 264 |
|
4 |
|c ©2012.
|
| 300 |
|
|
|a 1 online resource (288 pages):
|b color illustrations
|
| 336 |
|
|
|a text
|b txt
|2 rdacontent
|
| 337 |
|
|
|a computer
|b c
|2 rdamedia
|
| 338 |
|
|
|a online resource
|b cr
|2 rdacarrier
|
| 505 |
0 |
|
|a Preface -- Prologue : the Creole/American gumbo boils over -- The first American suburbs -- The 1850s Garden District -- The 1860s Garden District -- The Garden District in a gilded age -- A Garden District in the modern age.
|
| 520 |
|
|
|a The Garden District of New Orleans has enthralled residents and visitors alike since it arose in the 1830's with its stately white-columned Greek Revival mansions and double-galleried Italianate houses decorated with lacy cast iron ...
|
| 588 |
|
|
|a Description based on print version record.
|
| 650 |
|
7 |
|a Historic buildings.
|2 fast
|0 (OCoLC)fst00957723
|
| 650 |
|
7 |
|a Buildings.
|2 fast
|0 (OCoLC)fst00840962
|
| 650 |
|
7 |
|a Architecture, Domestic.
|2 fast
|0 (OCoLC)fst00813666
|
| 650 |
|
7 |
|a HISTORY
|z United States
|x State & Local
|x South (AL, AR, FL, GA, KY, LA, MS, NC, SC, TN, VA, WV)
|2 bisacsh
|
| 650 |
|
7 |
|a ARCHITECTURE
|x Regional.
|2 bisacsh
|
| 650 |
|
7 |
|a ARCHITECTURE
|x History
|x General.
|2 bisacsh
|
| 650 |
|
7 |
|a ARCHITECTURE
|x Criticism.
|2 bisacsh
|
| 650 |
|
0 |
|a Historic buildings
|z Louisiana
|z New Orleans
|v Pictorial works.
|
| 650 |
|
0 |
|a Architecture, Domestic
|z Louisiana
|z New Orleans
|v Pictorial works.
|
| 651 |
|
7 |
|a Louisiana
|z New Orleans
|z Garden District.
|2 fast
|0 (OCoLC)fst01314462
|
| 651 |
|
7 |
|a Louisiana
|z New Orleans.
|2 fast
|0 (OCoLC)fst01204311
|
| 651 |
|
0 |
|a New Orleans (La.)
|x History
|v Pictorial works.
|
| 651 |
|
0 |
|a New Orleans (La.)
|x Buildings, structures, etc.
|v Pictorial works.
|
| 651 |
|
0 |
|a Garden District (New Orleans, La.)
|x History
|v Pictorial works.
|
| 651 |
|
0 |
|a Garden District (New Orleans, La.)
|x Buildings, structures, etc.
|v Pictorial works.
|
| 655 |
|
7 |
|a Pictorial works.
|2 fast
|0 (OCoLC)fst01423874
|
| 655 |
|
7 |
|a History.
|2 fast
|0 (OCoLC)fst01411628
|
| 655 |
|
7 |
|a Electronic books.
|2 local
|
| 700 |
1 |
|
|a Freeman, West,
|e photographer.
|
| 710 |
2 |
|
|a Project Muse.
|e distributor
|
| 830 |
|
0 |
|a Book collections on Project MUSE.
|
| 856 |
4 |
0 |
|z Texto completo
|u https://projectmuse.uam.elogim.com/book/86358/
|
| 945 |
|
|
|a Project MUSE - Custom Collection
|